000 00418nam a2200169Ia 4500
003 LK-CoDNM
005 20240731134518.0
008 010623t1925 xxu||||| |||| 00| 1 eng d
040 _aLK-CoDNM
_dLK-CoDNM
_eLK-CoDNM
041 _aeng
080 _a8
_bL15
100 _aSarup,Lakshman.
245 _aThe Vision of Vaasavadattaa
260 _bDas Brothers
_aLahore
_c1925
300 _bx, 142p. ; 22 cm
942 _cBK
999 _c92858
_d92858